[Event "Landesklasse West 2012/2013"]
[Site "?"]
[Date "2012.09.23"]
[Round "1"]
[White "Bötticher, Heinz-Wilfried"]
[Black "Hübschmann, Holger"]
[Result "1-0"]
[WhiteElo "1800"]
[BlackElo "1903"]
[PlyCount "55"]
[EventDate "2012.??.??"]
[WhiteTeam "SV Breitenworbis"]
[BlackTeam "Randspringer Bad Salzungen"]

1. d4 d5 2. c4 Bf5 3. Nc3 e6 4. cxd5 exd5 5. Qb3 Nc6 6. Nf3 Nb4 7. e4 dxe4 8.
Ne5 Be6 9. Bc4 Bxc4 10. Qxc4 Qe7 11. O-O f6 12. a3 fxe5 13. axb4 Qf7 14. Qb5+
c6 15. Qxe5+ Qe7 16. Rxa7 Rxa7 17. Qb8+ Kf7 18. Qxa7 Nf6 19. Bg5 Qxb4 20. Qa2+
Kg6 21. Bxf6 gxf6 22. Nxe4 Qxd4 23. Qb1 f5 24. Ng3 Qf6 25. Re1 Bd6 26. Nxf5
Qxf5 27. Re6+ Kg5 28. h4+ 1-0

[Event "Landesklasse West 2012/2013"]
[Site "?"]
[Date "2012.09.23"]
[Round "1"]
[White "Schulz, Tilo"]
[Black "Leibeling, Lucian"]
[Result "1/2-1/2"]
[WhiteElo "1875"]
[BlackElo "1851"]
[PlyCount "33"]
[EventDate "2012.??.??"]
[WhiteTeam "Randspringer Bad Salzungen"]
[BlackTeam "SV Breitenworbis"]

1. e4 c5 2. Nf3 d6 3. d4 cxd4 4. Nxd4 Nf6 5. Nc3 g6 6. Be3 Bg7 7. f3 O-O 8. Qd2
Nc6 9. O-O-O Bd7 10. h4 h5 11. Bc4 Rc8 12. Bb3 Ne5 13. Kb1 a5 14. Bh6 Nc4 15.
Bxc4 Rxc4 16. Bxg7 Kxg7 17. Qe3 1/2-1/2

[Event "Landesklasse West 2012/2013"]
[Site "?"]
[Date "2012.09.23"]
[Round "1"]
[White "Petiko, Nikolai"]
[Black "Roth, Ralf"]
[Result "1/2-1/2"]
[WhiteElo "1944"]
[BlackElo "1849"]
[PlyCount "48"]
[EventDate "2012.??.??"]
[WhiteTeam "SV Breitenworbis"]
[BlackTeam "Randspringer Bad Salzungen"]

1. e4 d6 2. d4 Nf6 3. Nc3 g6 4. Be3 Bg7 5. Qd2 O-O 6. O-O-O Nc6 7. f3 e5 8.
Nge2 Nd7 9. d5 Ne7 10. g4 f5 11. gxf5 gxf5 12. Bh6 f4 13. Bg5 Bf6 14. Rg1 Bxg5
15. Rxg5+ Kh8 16. Rg1 Nb6 17. Qd3 Bd7 18. Kb1 Rg8 19. Rxg8+ Qxg8 20. Nb5 Bxb5
21. Qxb5 Qe8 22. Qxe8+ Rxe8 23. b3 Rg8 24. Bh3 Ng6 1/2-1/2

[Event "Landesklasse West 2012/2013"]
[Site "?"]
[Date "2012.09.23"]
[Round "1"]
[White "Essegern, Uwe"]
[Black "Biel, Peter"]
[Result "1/2-1/2"]
[WhiteElo "1836"]
[BlackElo "1666"]
[PlyCount "46"]
[EventDate "2012.??.??"]
[WhiteTeam "Randspringer Bad Salzungen"]
[BlackTeam "SV Breitenworbis"]

1. d4 d5 2. Nf3 e6 3. e3 Bd6 4. Bd3 Nc6 5. O-O e5 6. dxe5 Nxe5 7. Nxe5 Bxe5 8.
c4 Nf6 9. f4 Bd6 10. Nc3 dxc4 11. Bxc4 O-O 12. h3 Re8 13. Qc2 Qe7 14. Bd2 Bd7
15. Nd5 Nxd5 16. Bxd5 c6 17. Bf3 Rad8 18. e4 Qh4 19. e5 Bc7 20. Be4 Bb6+ 21.
Kh2 f5 22. g3 Qh5 23. Bf3 Qf7 1/2-1/2

[Event "Landesklasse West 2012/2013"]
[Site "?"]
[Date "2012.09.23"]
[Round "1"]
[White "Hermann, Frank"]
[Black "Feldmann, Bernd"]
[Result "0-1"]
[WhiteElo "1503"]
[BlackElo "1817"]
[PlyCount "90"]
[EventDate "2012.??.??"]
[WhiteTeam "SV Breitenworbis"]
[BlackTeam "Randspringer Bad Salzungen"]

1. e4 e6 2. d4 d5 3. e5 c5 4. c3 Nc6 5. Nf3 Qb6 6. Bd3 Bd7 7. dxc5 Bxc5 8. Qe2
f6 9. b4 Be7 10. O-O fxe5 11. Nxe5 Nxe5 12. Qxe5 Bf6 13. Qh5+ g6 14. Bxg6+ hxg6
15. Qxg6+ Ke7 16. Bg5 e5 17. Re1 e4 18. Nd2 Kf8 19. Bxf6 Qxf6 20. Qxf6+ Nxf6
21. f3 Re8 22. fxe4 Nxe4 23. Nxe4 Rxe4 24. Rxe4 dxe4 25. Rf1+ Ke7 26. Rf4 Bc6
27. c4 a6 28. h4 Ke6 29. Kf2 Ke5 30. Ke3 Rd8 31. Rf7 Rd3+ 32. Ke2 Ra3 33. h5
Rxa2+ 34. Ke3 Rxg2 35. h6 Rg3+ 36. Kf2 Rh3 37. h7 Kd4 38. Kg2 Rh6 39. Kg3 Kxc4
40. Kg4 Kxb4 41. Kg5 Rh1 42. Kf6 a5 43. Kg7 Rxh7+ 44. Kxh7 a4 45. Kg7 a3 0-1

[Event "Landesklasse West 2012/2013"]
[Site "?"]
[Date "2012.09.23"]
[Round "1"]
[White "Kunze, Heinz"]
[Black "Eschrich, Torsten"]
[Result "1/2-1/2"]
[WhiteElo "1733"]
[BlackElo "1660"]
[PlyCount "67"]
[EventDate "2012.??.??"]
[WhiteTeam "Randspringer Bad Salzungen"]
[BlackTeam "SV Breitenworbis"]

1. e4 e5 2. Nf3 Nc6 3. Bb5 a6 4. Ba4 Nf6 5. O-O Be7 6. Re1 b5 7. Bb3 O-O 8. c3
d5 9. exd5 Nxd5 10. Nxe5 Nxe5 11. Rxe5 c6 12. d4 Bd6 13. Re1 Qh4 14. g3 Qh3 15.
Qd3 Bf5 16. Qf1 Qh5 17. Be3 Bh3 18. Bd1 Qf5 19. Qe2 Rae8 20. Qf3 Qd3 21. g4 Nf4
22. Be2 Nxe2+ 23. Qxe2 Qxe2 24. Rxe2 Bxg4 25. Re1 f5 26. Kg2 f4 27. Bd2 Rxe1
28. Bxe1 f3+ 29. Kg1 Rf6 30. Nd2 Rg6 31. Kh1 Bf5 32. Nf1 h5 33. Ne3 Bh3 34. Bd2
1/2-1/2

[Event "Landesklasse West 2012/2013"]
[Site "?"]
[Date "2012.09.23"]
[Round "1"]
[White "Vergin, Marcel"]
[Black "Mäurer, Michael"]
[Result "1/2-1/2"]
[WhiteElo "1569"]
[BlackElo "1632"]
[PlyCount "86"]
[EventDate "2012.??.??"]
[WhiteTeam "SV Breitenworbis"]
[BlackTeam "Randspringer Bad Salzungen"]

1. d4 d5 2. Nf3 c6 3. g3 Nf6 4. Bg2 Bf5 5. O-O e6 6. Nbd2 Bd6 7. Nh4 Bg6 8.
Nxg6 hxg6 9. e4 dxe4 10. Nxe4 Nxe4 11. Bxe4 Nd7 12. Re1 Nf6 13. Bg2 Qa5 14. a3
O-O-O 15. c4 Qh5 16. Qxh5 Rxh5 17. h3 Bc7 18. Be3 Rhh8 19. Rad1 Rd7 20. Rd3
Rhd8 21. Red1 a5 22. b4 axb4 23. axb4 Rh8 24. Ra1 Rdd8 25. g4 Kd7 26. f4 Ke7
27. Kf2 Ra8 28. Rda3 Rxa3 29. Rxa3 Rb8 30. Ra7 Kd7 31. b5 cxb5 32. cxb5 Nd5 33.
f5 gxf5 34. gxf5 Bb6 35. fxe6+ fxe6 36. Ra1 Rc8 37. Rc1 Rxc1 38. Bxc1 Bxd4+ 39.
Ke2 b6 40. Kd3 Bf6 41. Kc4 Ne7 42. Be3 Kc7 43. Bf2 Nf5 1/2-1/2

[Event "Landesklasse West 2012/2013"]
[Site "?"]
[Date "2012.09.23"]
[Round "1"]
[White "Rockstuhl, Reiner"]
[Black "Klingler, Lutz"]
[Result "0-1"]
[WhiteElo "1775"]
[BlackElo "1979"]
[PlyCount "92"]
[EventDate "2012.??.??"]
[WhiteTeam "Schachclub 1998 Gotha"]
[BlackTeam "SV Schmalkalden 04"]

1. e4 g6 2. d4 Bg7 3. Nf3 d6 4. Be2 Nf6 5. Nc3 a6 6. a4 b6 7. O-O O-O 8. Re1 c5
9. h3 cxd4 10. Nxd4 Bb7 11. f3 Nbd7 12. Nb3 Rc8 13. Be3 Ne5 14. Qd2 Re8 15.
Red1 Qc7 16. Qe1 Nfd7 17. Bd4 Bf8 18. Nd2 Nc6 19. Nd5 Qd8 20. Bc3 e6 21. Ne3
Qe7 22. Ndc4 d5 23. exd5 exd5 24. Rxd5 Na5 25. Bb4 Qxb4 26. Qxb4 Bxb4 27. Rxd7
Bc6 28. Ra7 Nxc4 29. Bxc4 Rxe3 30. Rxf7 Kh8 31. Bxa6 Rd8 32. c3 Bc5 33. Kh1 Bd5
34. Rc7 Rde8 35. Rd7 Bb3 36. a5 Re1+ 37. Rxe1 Rxe1+ 38. Kh2 bxa5 39. Rd2 Kg7
40. Kg3 Kf6 41. c4 Re6 42. Bb5 Rd6 43. Re2 Rd4 44. Re8 Bxc4 45. Bc6 h5 46. Be4
Bd3 0-1

[Event "Landesklasse West 2012/2013"]
[Site "?"]
[Date "2012.09.23"]
[Round "1"]
[White "Bamberg, Alexander"]
[Black "Lutzkat, Ulrich"]
[Result "1/2-1/2"]
[WhiteElo "1855"]
[BlackElo "2005"]
[PlyCount "46"]
[EventDate "2012.??.??"]
[WhiteTeam "SV Schmalkalden 04"]
[BlackTeam "Schachclub 1998 Gotha"]

1. e4 c5 2. Nc3 Nc6 3. f4 e6 4. Nf3 Nge7 5. Bb5 a6 6. Bxc6 Nxc6 7. O-O d6 8. d3
Be7 9. Bd2 O-O 10. Ne2 d5 11. e5 d4 12. Qe1 b5 13. Qg3 f5 14. Qh3 Bb7 15. g4
Qd5 16. Ng3 fxg4 17. Qxg4 Nxe5 18. fxe5 Rxf3 19. Rxf3 Qxf3 20. Qxe6+ Kh8 21.
Ne4 Bxe4 22. dxe4 Rf8 23. Qxe7 Qg4+ 1/2-1/2

[Event "Landesklasse West 2012/2013"]
[Site "?"]
[Date "2012.09.23"]
[Round "1"]
[White "Manger, Hans-Gerald"]
[Black "Lesser, Thomas"]
[Result "1/2-1/2"]
[WhiteElo "1842"]
[BlackElo "1845"]
[PlyCount "44"]
[EventDate "2012.??.??"]
[WhiteTeam "Schachclub 1998 Gotha"]
[BlackTeam "SV Schmalkalden 04"]

1. d4 d5 2. Nf3 Nf6 3. c4 c6 4. Nc3 e6 5. g3 Be7 6. Bg2 Nbd7 7. cxd5 exd5 8.
O-O O-O 9. Qc2 Re8 10. a3 Bd6 11. Re1 Nf8 12. Bg5 h6 13. Bxf6 Qxf6 14. e4 Qg6
15. Qb3 dxe4 16. Nh4 Qe6 17. Qxe6 Bxe6 18. Nxe4 Rad8 19. Nf3 Bd5 20. Nxd6 Rxe1+
21. Rxe1 Rxd6 22. Re7 Rd7 1/2-1/2

[Event "Landesklasse West 2012/2013"]
[Site "?"]
[Date "2012.09.23"]
[Round "1"]
[White "Klein, Matthias"]
[Black "Fiensch, Günter"]
[Result "1/2-1/2"]
[WhiteElo "1757"]
[BlackElo "1957"]
[PlyCount "67"]
[EventDate "2012.??.??"]
[WhiteTeam "SV Schmalkalden 04"]
[BlackTeam "Schachclub 1998 Gotha"]

1. Nf3 c5 2. g3 Nf6 3. Bg2 g6 4. d3 Bg7 5. e4 d6 6. O-O O-O 7. Nc3 Nc6 8. h3
Rb8 9. Be3 e5 10. Nd2 Be6 11. Nd5 Bxd5 12. exd5 Ne7 13. c4 Nf5 14. Ne4 Nxe4 15.
dxe4 Nxe3 16. fxe3 b5 17. b3 bxc4 18. bxc4 Rb4 19. Qc2 Qb6 20. Rfb1 Bh6 21. a3
Bxe3+ 22. Kh2 Rxb1 23. Rxb1 Qa5 24. Qb3 Bd4 25. h4 Kg7 26. Rf1 Qb6 27. Rb1 Rb8
28. Qxb6 Rxb6 29. Rxb6 axb6 30. Bh3 Kf8 31. a4 Ke7 32. Kg2 Kd8 33. Kf3 Kc7 34.
Bg4 1/2-1/2

[Event "Landesklasse West 2012/2013"]
[Site "?"]
[Date "2012.09.23"]
[Round "1"]
[White "Wenke, Robert"]
[Black "Krannich, Steffen"]
[Result "0-1"]
[WhiteElo "1543"]
[BlackElo "1818"]
[PlyCount "74"]
[EventDate "2012.??.??"]
[WhiteTeam "Schachclub 1998 Gotha"]
[BlackTeam "SV Schmalkalden 04"]

1. d4 d5 2. c4 e6 3. Nc3 Nf6 4. Nf3 Be7 5. Bf4 O-O 6. e3 Nbd7 7. Bd3 c5 8. O-O
a6 9. Qc2 dxc4 10. Bxc4 b5 11. Be2 Bb7 12. Rfd1 cxd4 13. Rxd4 Rc8 14. Qb3 Bxf3
15. Bxf3 e5 16. Bxe5 Nxe5 17. Rxd8 Rfxd8 18. Bb7 Rc7 19. Bxa6 b4 20. Ne2 Ne4
21. Qa4 Nc5 22. Qb5 Ra7 23. Nd4 Rxa6 24. Qxb4 Nc6 25. Nxc6 Rxc6 26. Qb5 Rcd6
27. Kf1 Rd2 28. Ke1 Ne6 29. Qb3 Bf6 30. Rd1 Rxd1+ 31. Qxd1 Rxd1+ 32. Kxd1 Bxb2
33. Kc2 Bf6 34. Kb3 Kf8 35. Kb4 Ke7 36. a4 Kd6 37. a5 Kc7 0-1

[Event "Landesklasse West 2012/2013"]
[Site "?"]
[Date "2012.09.23"]
[Round "1"]
[White "Burkhardt, Christian"]
[Black "Müller, Martin"]
[Result "1-0"]
[WhiteElo "1717"]
[BlackElo "1375"]
[PlyCount "91"]
[EventDate "2012.??.??"]
[WhiteTeam "SV Schmalkalden 04"]
[BlackTeam "Schachclub 1998 Gotha"]

1. d4 d5 2. c4 e6 3. Nc3 Nf6 4. Bg5 Be7 5. e3 c6 6. Nf3 Nbd7 7. Rc1 O-O 8. Bd3
dxc4 9. Bxc4 Nb6 10. Bd3 Nbd5 11. O-O h6 12. Bh4 Bd7 13. Ne5 Rc8 14. a3 Ne8 15.
Bg3 Bf6 16. Ne4 Bxe5 17. Bxe5 f6 18. Bg3 f5 19. Nd2 f4 20. exf4 Nxf4 21. Bb1
Nd6 22. Nf3 Be8 23. Qd2 Ng6 24. Ba2 Bf7 25. Rfe1 Re8 26. Ne5 Nf5 27. Nxg6 Qf6
28. Ne5 Rcd8 29. Re4 Qe7 30. Nxf7 Qxf7 31. Rce1 Kh8 32. Rxe6 Rxe6 33. Rxe6 Qh5
34. Be5 c5 35. d5 Qg5 36. Qxg5 hxg5 37. g4 Nh4 38. Re7 Nf3+ 39. Kg2 Nxe5 40.
Rxe5 b5 41. Rxg5 c4 42. Bb1 Kg8 43. Bg6 a5 44. Re5 Kf8 45. d6 b4 46. d7 1-0

[Event "Landesklasse West 2012/2013"]
[Site "?"]
[Date "2012.09.23"]
[Round "1"]
[White "Manger, Erika"]
[Black "Weigend, Joachim"]
[Result "0-1"]
[WhiteElo "1382"]
[BlackElo "1777"]
[PlyCount "90"]
[EventDate "2012.??.??"]
[WhiteTeam "Schachclub 1998 Gotha"]
[BlackTeam "SV Schmalkalden 04"]

1. c4 Nf6 2. g3 g6 3. Bg2 Bg7 4. e4 d6 5. Ne2 O-O 6. O-O c5 7. d3 Nc6 8. Nbc3
a6 9. b3 Rb8 10. Bb2 Nd7 11. Qc2 Nde5 12. Rad1 b5 13. cxb5 axb5 14. f4 Ng4 15.
Qd2 b4 16. Na4 Bxb2 17. Nxb2 Nd4 18. h3 Nxe2+ 19. Qxe2 Nh6 20. d4 cxd4 21. Rxd4
Qb6 22. Qf2 Ba6 23. Nc4 Qc5 24. Rfd1 Rfc8 25. Bf1 Bb7 26. R1d2 f6 27. Ne3 Nf7
28. Rc4 Qb6 29. Rdc2 Rxc4 30. Rxc4 Ba6 31. Rc2 Bxf1 32. Kxf1 Kf8 33. Qd2 Qa6+
34. Kf2 Qb7 35. Qd5 Qb6 36. Kf3 Qa7 37. h4 h5 38. g4 hxg4+ 39. Nxg4 Qg1 40. Rg2
Qh1 41. Kg3 Rc8 42. Qd2 Rc3+ 43. Ne3 Qb1 44. Kh2 Qxe4 45. Nd5 Rd3 0-1

[Event "Landesklasse West 2012/2013"]
[Site "?"]
[Date "2012.09.23"]
[Round "1"]
[White "Röder, Detlef"]
[Black "Manger, Eric"]
[Result "1-0"]
[WhiteElo "1629"]
[BlackElo "1423"]
[PlyCount "113"]
[EventDate "2012.??.??"]
[WhiteTeam "SV Schmalkalden 04"]
[BlackTeam "Schachclub 1998 Gotha"]

1. e4 b6 2. d4 e6 3. Nc3 Bb7 4. Bd3 Bb4 5. a3 Bxc3+ 6. bxc3 Nf6 7. Qe2 d6 8.
Nf3 Nbd7 9. c4 e5 10. Bb2 Qe7 11. O-O O-O-O 12. Nd2 Ba6 13. a4 exd4 14. a5 Kb7
15. axb6 axb6 16. Bxd4 c5 17. Bc3 Ra8 18. Rfb1 Kc7 19. Rb3 Bb7 20. Rba3 h6 21.
f3 Ne5 22. Qe1 Rxa3 23. Rxa3 Ra8 24. Rxa8 Bxa8 25. Qa1 Qe8 26. Qa7+ Bb7 27. Qa1
Nh5 28. Nb1 f6 29. Bd2 Qg6 30. Kf2 Bc8 31. Qa7+ Bb7 32. Nc3 Nc6 33. Nd5+ Kc8
34. Qxb6 Qf7 35. g4 f5 36. gxh5 fxe4 37. Bxe4 Kb8 38. Bf4 Qd7 39. Bf5 Qxf5 40.
Bxd6+ Ka8 41. Nc7+ Kb8 42. Na6+ Ka8 43. Nxc5 Qf7 44. Qxb7+ Qxb7 45. Nxb7 Kxb7
46. Bf8 Ne5 47. Bxg7 Nxc4 48. Bxh6 Ne5 49. Bg7 Nf7 50. h6 Ng5 51. f4 Nh7 52. f5
Kc7 53. f6 Kd7 54. f7 Ke7 55. f8=Q+ Nxf8 56. Bxf8+ Kxf8 57. c4 1-0

[Event "Landesklasse West 2012/2013"]
[Site "?"]
[Date "2011.11.04"]
[Round "2"]
[White "Moise, Adrian"]
[Black "Essegern, Kurt"]
[Result "1-0"]
[WhiteElo "2169"]
[BlackElo "1952"]
[PlyCount "115"]
[EventDate "2012.??.??"]
[WhiteTeam "SV Ammern"]
[BlackTeam "Randspringer Bad Salzungen"]

1. Nf3 c5 2. b3 Nc6 3. Bb2 d6 4. d4 cxd4 5. Nxd4 e5 6. Nxc6 bxc6 7. c4 Nf6 8.
g3 Be7 9. Bg2 Qc7 10. O-O O-O 11. Nc3 Be6 12. Rc1 Rad8 13. e3 Nd7 14. e4 f5 15.
Nd5 Bxd5 16. cxd5 c5 17. exf5 Rxf5 18. Bh3 Rff8 19. Rc4 Bf6 20. Be6+ Kh8 21.
Qc2 Nb6 22. Re4 Qb7 23. Re2 Rb8 24. Qd3 Na8 25. Bf5 Nc7 26. Rd2 g6 27. Be4 Nb5
28. Kg2 Nd4 29. Bxd4 cxd4 30. Rc2 Rbc8 31. Rfc1 Rxc2 32. Rxc2 Rc8 33. Rc6 Rxc6
34. dxc6 Qc7 35. Qc4 a5 36. h4 Bd8 37. a3 Kg7 38. b4 axb4 39. axb4 Qf7 40. Bd5
Qc7 41. Qe2 Bf6 42. b5 Bd8 43. Bc4 Qe7 44. Qe4 Bb6 45. Bd3 Qe6 46. f4 d5 47.
Qxe5+ Qxe5 48. fxe5 h6 49. e6 g5 50. hxg5 hxg5 51. Kf3 Kf6 52. Kg4 Bc7 53. Bf5
d3 54. Bxd3 Kxe6 55. Kxg5 Bxg3 56. b6 Bb8 57. Bb5 Kd6 58. Kf5 1-0

[Event "Landesklasse West 2012/2013"]
[Site "?"]
[Date "2011.11.04"]
[Round "2"]
[White "Dawydow, Alexej"]
[Black "Schulz, Tilo"]
[Result "1/2-1/2"]
[WhiteElo "1917"]
[BlackElo "1875"]
[PlyCount "98"]
[EventDate "2012.??.??"]
[WhiteTeam "SV Ammern"]
[BlackTeam "Randspringer Bad Salzungen"]

1. e4 e6 2. d4 d5 3. Nc3 Bb4 4. e5 c5 5. a3 Bxc3+ 6. bxc3 Ne7 7. Qg4 O-O 8. Nf3
Nbc6 9. Bd3 f5 10. exf6 Rxf6 11. Qh5 g6 12. Qg5 Qf8 13. h4 c4 14. Be2 Kh8 15.
h5 Rf5 16. Qg4 Rxh5 17. Rxh5 gxh5 18. Qxh5 Bd7 19. Ng5 Qg7 20. Bd2 Rf8 21.
O-O-O e5 22. Rh1 Bf5 23. Bg4 Bg6 24. Qh3 Rxf2 25. Qg3 Rxd2 26. Kxd2 exd4 27.
Ne6 Qf6 28. cxd4 Nxd4 29. Qb8+ Ng8 30. Qf4 Nxc2 31. Qxf6+ Nxf6 32. Nf8 Be4 33.
Bf3 Bxf3 34. gxf3 Nxa3 35. Ne6 Nb5 36. Rg1 a6 37. Nd8 h5 38. Nxb7 d4 39. Rg6
Nd5 40. Rh6+ Kg7 41. Rxh5 c3+ 42. Kc1 Nf4 43. Rh1 d3 44. Nc5 Nd4 45. Ne4 Nb3+
46. Kb1 c2+ 47. Kb2 c1=Q+ 48. Rxc1 Nxc1 49. Kxc1 Kg6 1/2-1/2

[Event "Landesklasse West 2012/2013"]
[Site "?"]
[Date "2011.11.04"]
[Round "2"]
[White "Roth, Ralf"]
[Black "Kurze, Christoph"]
[Result "1/2-1/2"]
[WhiteElo "1849"]
[BlackElo "1913"]
[PlyCount "110"]
[EventDate "2012.??.??"]
[WhiteTeam "Randspringer Bad Salzungen"]
[BlackTeam "SV Ammern"]

1. Nf3 Nf6 2. d4 e6 3. c4 b6 4. Nc3 Bb7 5. e3 Be7 6. Be2 O-O 7. Qc2 d5 8. b3
Ne4 9. Nxe4 dxe4 10. Nd2 f5 11. Bb2 Nd7 12. O-O-O a5 13. a4 c6 14. f3 exf3 15.
gxf3 Ba6 16. e4 Qc7 17. Rdg1 Rf7 18. Rg2 Qf4 19. Rhg1 g6 20. Kb1 Bb4 21. Nf1
Re8 22. Bc1 Qd6 23. c5 bxc5 24. Bxa6 cxd4 25. exf5 Rxf5 26. Bc4 Kf7 27. Ng3
Rxf3 28. Ne4 Qf8 29. Ng5+ Ke7 30. Nxe6 Qf5 31. Qxf5 Rxf5 32. Nxd4 Rc5 33. Re2+
Ne5 34. Rxe5+ Rxe5 35. Nxc6+ Kd6 36. Nxe5 Kxe5 37. Rf1 Rd8 38. Kc2 Ke4 39. Rf4+
Ke5 40. Rf7 h5 41. Rf2 Rd7 42. Bb2+ Ke4 43. Bd3+ Rxd3 44. Re2+ Re3 45. Rxe3+
Kxe3 46. Bc3 Bd6 47. Bxa5 Bxh2 48. Bb6+ Ke4 49. b4 h4 50. a5 Kd5 51. b5 h3 52.
a6 Bb8 53. Bg1 g5 54. Kd3 g4 55. b6 Kc6 1/2-1/2

[Event "Landesklasse West 2012/2013"]
[Site "?"]
[Date "2011.11.04"]
[Round "2"]
[White "Schorch, Rüdiger"]
[Black "Essegern, Uwe"]
[Result "1/2-1/2"]
[WhiteElo "1909"]
[BlackElo "1836"]
[PlyCount "111"]
[EventDate "2012.??.??"]
[WhiteTeam "SV Ammern"]
[BlackTeam "Randspringer Bad Salzungen"]

1. c4 e5 2. Nc3 Nc6 3. g3 f5 4. Bg2 Nf6 5. e3 e4 6. d3 Bb4 7. Nge2 exd3 8. Qxd3
d6 9. O-O Bxc3 10. Qxc3 O-O 11. Nf4 Ne4 12. Qc2 Qe8 13. b3 Nb4 14. Qd1 g5 15.
Bxe4 Qxe4 16. Nh3 g4 17. Nf4 Bd7 18. a3 Nc6 19. Bb2 Rad8 20. Qd5+ Rf7 21. Qxe4
fxe4 22. b4 a6 23. Nd5 Bf5 24. Rfd1 Kf8 25. Rac1 Ne5 26. Bxe5 dxe5 27. Nc3 Rfd7
28. Kf1 Rxd1+ 29. Rxd1 Rxd1+ 30. Nxd1 Be6 31. Nb2 Ke7 32. Ke1 b5 33. Kd2 Kd7
34. Kc3 Kc6 35. a4 Bf7 36. cxb5+ axb5 37. a5 Be6 38. Nd1 Bc8 39. Kb2 Kd5 40.
Kb3 Kc6 41. Nc3 Be6+ 42. Kc2 Bc8 43. Kb2 Bf5 44. Ka3 Bg6 45. a6 Kb6 46. Nxb5 c6
47. a7 Kb7 48. Nd6+ Kxa7 49. Nc4 Bf5 50. Kb2 Be6 51. Nxe5 Kb6 52. Kc3 Kb5 53.
Kd4 Bf5 54. Kc3 Be6 55. Kb2 Kb6 56. Kc3 1/2-1/2

[Event "Landesklasse West 2012/2013"]
[Site "?"]
[Date "2011.11.04"]
[Round "2"]
[White "Feldmann, Bernd"]
[Black "Salaske, Peter"]
[Result "1-0"]
[WhiteElo "1817"]
[BlackElo "1790"]
[PlyCount "81"]
[EventDate "2012.??.??"]
[WhiteTeam "Randspringer Bad Salzungen"]
[BlackTeam "SV Ammern"]

1. d4 f5 2. c4 Nf6 3. Nc3 g6 4. g3 Bg7 5. Bg2 O-O 6. Bg5 h6 7. Bd2 c6 8. Qc1
Kh7 9. h4 d6 10. Nf3 Nh5 11. d5 e5 12. Bh3 Na6 13. Be3 f4 14. Bxc8 Rxc8 15.
gxf4 Nxf4 16. Qb1 Ng2+ 17. Kd1 Nxe3+ 18. fxe3 Nc5 19. h5 Qf6 20. Nh4 Qf1+ 21.
Rxf1 Rxf1+ 22. Kd2 Rxb1 23. hxg6+ Kg8 24. Rxb1 Rf8 25. b4 Nd7 26. Ne4 cxd5 27.
cxd5 Nb6 28. Nxd6 Nxd5 29. Nhf5 e4 30. Rh1 Rd8 31. Nf7 Rd7 32. Kc1 Nxb4 33.
N7xh6+ Kf8 34. Nxg7 Kxg7 35. Ng4 Rc7+ 36. Kb2 Kxg6 37. Nf2 a5 38. Nxe4 Rc2+ 39.
Kb3 Rxe2 40. Rg1+ Kf5 41. Ng3+ 1-0

[Event "Landesklasse West 2012/2013"]
[Site "?"]
[Date "2011.11.04"]
[Round "2"]
[White "Breuer, Harald"]
[Black "Kunze, Heinz"]
[Result "0-1"]
[WhiteElo "1776"]
[BlackElo "1733"]
[PlyCount "80"]
[EventDate "2012.??.??"]
[WhiteTeam "SV Ammern"]
[BlackTeam "Randspringer Bad Salzungen"]

1. e4 c5 2. c3 Nc6 3. d4 cxd4 4. cxd4 d5 5. exd5 Qxd5 6. Nf3 e6 7. Nc3 Qd8 8.
Bd3 Nf6 9. O-O Be7 10. Re1 O-O 11. Bg5 Nb4 12. Bc4 Nfd5 13. Bxe7 Nxe7 14. Rc1
b6 15. Ne4 Bb7 16. Nfg5 Bd5 17. Qg4 Bxc4 18. Nf6+ Kh8 19. Qh4 h6 20. Rxc4 Ng6
21. Qh5 Qxf6 22. Ne4 Qe7 23. Nc3 Rfd8 24. g3 Nd5 25. f4 Qd7 26. Ne4 Rac8 27.
Rxc8 Rxc8 28. Qf3 Rc2 29. Qb3 Rc7 30. Qa3 Nge7 31. Qf3 Qc8 32. Nd6 Qf8 33. Qh5
Ng6 34. Ne4 Rc2 35. Ng5 Nf6 36. Qh3 Kg8 37. Nf3 Qa8 38. Ne5 Nxe5 39. Rxe5 Ng4
40. Re1 Qf3 0-1

[Event "Landesklasse West 2012/2013"]
[Site "?"]
[Date "2011.11.04"]
[Round "2"]
[White "Merkel, Andreas"]
[Black "Schadeberg, Lukas"]
[Result "0-1"]
[WhiteElo "1388"]
[BlackElo "1568"]
[PlyCount "110"]
[EventDate "2012.??.??"]
[WhiteTeam "Randspringer Bad Salzungen"]
[BlackTeam "SV Ammern"]

1. e4 d5 2. exd5 Qxd5 3. Nf3 Bg4 4. Be2 Nf6 5. Nc3 Qa5 6. h3 Bh5 7. O-O e6 8.
a3 c6 9. d3 Bd6 10. Ne4 Be7 11. Bg5 Nxe4 12. Bxe7 Nxf2 13. Rxf2 Kxe7 14. Qc1 f6
15. b4 Qc7 16. Qe1 Bf7 17. Qf1 Nd7 18. d4 Rhe8 19. Ng5 Bg6 20. Nf3 Bxc2 21. Re1
Bg6 22. Bc4 Bf7 23. Ng5 Nf8 24. Ne4 Kd8 25. Rc1 a6 26. Qd1 Qb6 27. Nc5 Nd7 28.
Re2 Kc7 29. Qd2 Re7 30. Rce1 Rae8 31. Qf4+ e5 32. dxe5 fxe5 33. Qc1 Bxc4 34.
Qxc4 Nxc5 35. bxc5 Qb5 36. Qc2 b6 37. Rb1 Qa5 38. Qb2 Qxc5+ 39. Kh1 b5 40. Rc1
Qd5 41. Rd2 Qe4 42. Qc3 Kb7 43. Rdd1 Rf7 44. Re1 Qd5 45. Red1 Qe6 46. Qc5 Rf6
47. a4 Qe7 48. Qc2 e4 49. a5 e3 50. Re1 e2 51. Qb3 Qe5 52. Qd3 Qd5 53. Qc3 Rf2
54. Qxg7+ Ka8 55. Qc3 Qxg2# 0-1

[Event "Landesklasse West 2012/2013"]
[Site "?"]
[Date "2012.11.04"]
[Round "2"]
[White "Klingler, Lutz"]
[Black "Recknagel, Michael"]
[Result "0-1"]
[WhiteElo "1979"]
[BlackElo "2179"]
[PlyCount "48"]
[EventDate "2012.??.??"]
[WhiteTeam "SV Schmalkalden 04"]
[BlackTeam "SC Suhl"]

1. f4 d5 2. Nf3 Nh6 3. d3 Nc6 4. e3 g6 5. Be2 Bg7 6. c3 e5 7. fxe5 Nxe5 8. O-O
Nf5 9. e4 dxe4 10. Nxe5 Bxe5 11. Qa4+ Bd7 12. Qxe4 O-O 13. d4 Bxh2+ 14. Kxh2
Re8 15. Qf3 Qh4+ 16. Kg1 Rxe2 17. Qxe2 Ng3 18. Qc4 Be6 19. Qd3 Bd5 20. Rf3 Qh1+
21. Kf2 Ne4+ 22. Ke2 Qxc1 23. Rf1 Ng3+ 24. Kf2 Nxf1 0-1

[Event "Landesklasse West 2012/2013"]
[Site "?"]
[Date "2012.11.04"]
[Round "2"]
[White "Silberschlag, Jörg"]
[Black "Bamberg, Alexander"]
[Result "1-0"]
[WhiteElo "2111"]
[BlackElo "1855"]
[PlyCount "51"]
[EventDate "2012.??.??"]
[WhiteTeam "SC Suhl"]
[BlackTeam "SV Schmalkalden 04"]

1. e4 c5 2. Nf3 d6 3. d4 cxd4 4. Nxd4 g6 5. Nc3 Nf6 6. f3 Bg7 7. Be3 Nc6 8. Qd2
O-O 9. O-O-O d5 10. Nxc6 bxc6 11. exd5 cxd5 12. Nxd5 Nxd5 13. Qxd5 Qc7 14. Qc5
Qb7 15. Qa3 Bf5 16. Rd2 Rab8 17. b3 Rfc8 18. Ba6 Qc6 19. Bxc8 Qc3 20. Rd8+ Bf8
21. Qc5 Qa1+ 22. Kd2 Qxh1 23. Bh6 Qxg2+ 24. Kc1 Rxc8 25. Qxc8 Bxc8 26. Rxf8#
1-0

[Event "Landesklasse West 2012/2013"]
[Site "?"]
[Date "2012.11.04"]
[Round "2"]
[White "Lesser, Thomas"]
[Black "Berghof, Axel"]
[Result "0-1"]
[WhiteElo "1845"]
[BlackElo "2010"]
[PlyCount "94"]
[EventDate "2012.??.??"]
[WhiteTeam "SV Schmalkalden 04"]
[BlackTeam "SC Suhl"]

1. e4 e6 2. d4 d5 3. Nc3 Bb4 4. e5 Ne7 5. Bd2 Nf5 6. Nf3 Nc6 7. Ne2 Nh4 8. Nxh4
Bxd2+ 9. Qxd2 Qxh4 10. c3 Bd7 11. Nf4 Na5 12. b3 b6 13. g3 Qe7 14. Be2 g6 15.
h4 c5 16. Rc1 Nc6 17. Ng2 cxd4 18. cxd4 Qb4 19. Rd1 Nxd4 20. Qxb4 Nc2+ 21. Kd2
Nxb4 22. a3 Nc6 23. f4 Nd4 24. Rb1 Rc8 25. Bd3 Bb5 26. Ne3 Ke7 27. a4 Bxd3 28.
Kxd3 Nf5 29. Nxf5+ gxf5 30. Rhc1 Kd7 31. Ra1 Rxc1 32. Rxc1 Rg8 33. Rg1 h5 34.
Rg2 Rc8 35. Rg1 Rc5 36. Ra1 a6 37. Rb1 Kc7 38. Ra1 Kb7 39. Rb1 Rc8 40. Ra1 Rc7
41. Rb1 Rc5 42. Ra1 a5 43. Rb1 Ka6 44. Kd2 Rc8 45. Ra1 b5 46. axb5+ Kxb5 47.
Ra4 Rg8 0-1